| 000 | 00598nam a22001577a 4500 | ||
|---|---|---|---|
| 003 | 0 | ||
| 005 | 20230215132217.0 | ||
| 008 | 230215b xxu||||| |||| 00| 0 eng d | ||
| 020 | _a971-742-087-4 | ||
| 050 |
_aHV1307 _b.P76 2003 |
||
| 245 |
_aEmerging good practices: a documentation of the experiences and learning of save the children UK's programme for abused and exploited children _cProgram on psychological trauma and human rights |
||
| 260 |
_aQuezon City, Philippines _bSC (UK)- Philippines and UP CIDS PST _cC2003 |
||
| 300 |
_a167pp. _c22cm. |
||
| 500 | _aGood practices. | ||
| 942 |
_2lcc _cBK |
||
| 999 |
_c364929 _d364929 |
||